000 00396 a2200145 4500
005 20250604165339.0
008 250604b |||||||| |||| 00| 0 eng d
020 _a9780143462439
041 _aEnglish
100 _aSingh V.K.
_9212346
245 _aLeadership In The Indian Army
_b : Biographies Of Twelve Soldiers
260 _bPenguin Rendom Hose India
_c2023
300 _a471
942 _cBK
999 _c366910
_d366910